00407nam a2200133Ia 4500082001200000100001700012245007800029260002700107300001000134650001900144650003400163650002600197710005000223 aRR.0001 aRaju, Sarada 0aRural urban flows of income savings and investment : A pilot study report c1987bICSSR, New Delhi a195p. aINCOME - INDIA aSAVING AND INVESTMENT - INDIA aINCOME, RURAL - INDIA aInstitute for Techno Economic Studies, Madras